[Event "FRA-ch U10"]
[Site "Le Grand Bornand"]
[Date "2007.04.??"]
[Round "1"]
[White "Kirk, Ezra"]
[Black "Danglades, Lionel"]
[Result "1-0"]
[WhiteElo "1830"]
[BlackElo "1560"]
[PlyCount "51"]
[EventDate "2007.04.07"]
[EventType "swiss"]
[EventRounds "9"]
[EventCountry "FRA"]
[SourceTitle "CBM 118 Extra"]
[Source "ChessBase"]
[SourceDate "2007.07.04"]
[SourceVersion "1"]
[SourceVersionDate "2007.07.04"]
[SourceQuality "1"]

1. d4 d5 2. c4 c6 3. Nc3 Nf6 4. Nf3 h6 5. e3 Bf5 6. Be2 e6 7. 0-0 Be7 8. Re1 a6 9. c5 b6 10. b4 a5 11. bxa5 Rxa5 12. cxb6 Qxb6 13. Bd3 Bxd3 14. Qxd3 c5 15. Rb1 Qc7 16. Bd2 Qc8 17. Nxd5 Rxa2 18. Nxe7 Kxe7 19. dxc5 Rd8 20. Qb3 Ra7 21. Nd4 Nd5 22. e4 Nf6 23. Bc3 Ra6 24. Qb7+ Nbd7 25. c6 Ke8 26. cxd7+ 1-0